ბათუმის შოთა რუსთაველის სახელმწიფო უნივერსიტეტის ბიბლიოთეკა

Русский язык.Трудные случаи морфологического разбора (ბიბ.ჩანაწერი № 35481)

000 -LEADER
fixed length control field 00657nam a2200229Ia 4500
001 - CONTROL NUMBER
control field 1340
003 - CONTROL NUMBER IDENTIFIER
control field GE_BSU
008 - FIXED-LENGTH DATA ELEMENTS--GENERAL INFORMATION
fixed length control field 181216s||||||||xx |||||||||||||| ||und||
020 ## - INTERNATIONAL STANDARD BOOK NUMBER
International Standard Book Number 5060016730
040 ## - CATALOGING SOURCE
Transcribing agency GE_BSU
080 ## - UNIVERSAL DECIMAL CLASSIFICATION NUMBER
Universal Decimal Classification number 811.161.1(075.8)
100 ## - MAIN ENTRY--PERSONAL NAME
Personal name Чеснокова,Л.Д.
245 ## - TITLE STATEMENT
Title Русский язык.Трудные случаи морфологического разбора
245 ## - TITLE STATEMENT
Remainder of title Уч-е пособие для студ. филологов
260 ## - PUBLICATION, DISTRIBUTION, ETC.
Place of publication, distribution, etc. Москва
260 ## - PUBLICATION, DISTRIBUTION, ETC.
Name of publisher, distributor, etc. Высшая школа
260 ## - PUBLICATION, DISTRIBUTION, ETC.
Date of publication, distribution, etc. 1991
300 ## - PHYSICAL DESCRIPTION
Extent 192стр.
653 ## - INDEX TERM--UNCONTROLLED
Uncontrolled term Русский язык
942 ## - ADDED ENTRY ELEMENTS (KOHA)
Koha item type წიგნი
ეგზემპლარები
Withdrawn status Lost status Damaged status Not for loan Date acquired Barcode Date last seen Price effective from Koha item type
        2018-12-17 1742 2018-12-17 2018-12-17 წიგნი